Top 3 of 2026 UCI WorldTour Races (Men) - Statistics

General Stats
  • This quiz has been taken 27 times
    16 since last reset
  • The average score is 48 of 63
Answer Stats
Class Country Race Place Team Rider % Correct
2.UWT 🇦🇪 UAE Tour 1 UAE Team Emirates - XRG Isaac del Toro
100%
3 UAE Team Emirates - XRG Isaac del Toro
100%
2.UWT 🇮🇹 Tirreno-Adriatico 1 UAE Team Emirates - XRG Isaac del Toro
100%
2 Decathlon CMA CGM Team Paul Seixas
100%
2.UWT 🇪🇸 Itzulia Basque Country 1 Decathlon CMA CGM Team Paul Seixas
100%
1.UWT 🇧🇪 La Flèche Wallonne 1 Decathlon CMA CGM Team Paul Seixas
100%
2 Decathlon CMA CGM Team Paul Seixas
100%
1.UWT 🇮🇹 Strade Bianche 1 UAE Team Emirates - XRG Tadej Pogačar
100%
1.UWT 🇮🇹 Milano-Sanremo 1 UAE Team Emirates - XRG Tadej Pogačar
100%
1.UWT 🇧🇪 Ronde van Vlaanderen 1 UAE Team Emirates - XRG Tadej Pogačar
100%
2 UAE Team Emirates - XRG Tadej Pogačar
100%
1.UWT 🇧🇪 Liège-Bastogne-Liège 1 UAE Team Emirates - XRG Tadej Pogačar
100%
2.UWT 🇨🇭 Tour de Romandie 1 UAE Team Emirates - XRG Tadej Pogačar
100%
1.UWT 🇧🇪 Omloop Nieuwsblad 1 Alpecin-Premier Tech Mathieu van der Poel
91%
3 Red Bull - BORA - hansgrohe Florian Lipowitz
91%
2 Red Bull - BORA - hansgrohe Florian Lipowitz
91%
3 Red Bull - BORA - hansgrohe Giulio Pellizzari
91%
2.UWT 🇫🇷 Paris-Nice 1 Team Visma | Lease a Bike Jonas Vingegaard
91%
2.UWT 🇪🇸 Volta Ciclista a Catalunya 1 Team Visma | Lease a Bike Jonas Vingegaard
91%
1.UWT 🇧🇪 E3 Saxo Classic 1 Alpecin-Premier Tech Mathieu van der Poel
91%
2 Alpecin-Premier Tech Mathieu van der Poel
91%
2 Pinarello Q36.5 Pro Cycling Team Tom Pidcock
91%
2 Pinarello Q36.5 Pro Cycling Team Tom Pidcock
91%
3 Team Visma | Lease a Bike Wout van Aert
91%
2 Team Visma | Lease a Bike Wout van Aert
91%
1.UWT 🇫🇷 Paris-Roubaix 1 Team Visma | Lease a Bike Wout van Aert
91%
1.UWT 🇧🇪 Dwars door Vlaanderen 1 INEOS Grenadiers Filippo Ganna
82%
2 Alpecin-Premier Tech Jasper Philipsen
82%
1.UWT 🇧🇪 In Flanders Fields 1 Alpecin-Premier Tech Jasper Philipsen
82%
2.UWT 🇦🇺 Tour Down Under 1 UAE Team Emirates - XRG Jay Vine
82%
2 Team Visma | Lease a Bike Matteo Jorgenson
82%
3 Red Bull - BORA - hansgrohe Remco Evenepoel
82%
1.UWT 🇳🇱 Amstel Gold Race 1 Red Bull - BORA - hansgrohe Remco Evenepoel
82%
3 Red Bull - BORA - hansgrohe Remco Evenepoel
82%
1.UWT 🇦🇺 Cadel Evans Great Ocean Road Race 1 Decathlon CMA CGM Team Tobias Lund Andresen
82%
2 Decathlon CMA CGM Team Tobias Lund Andresen
82%
3 Team Visma | Lease a Bike Christophe Laporte
73%
2 Red Bull - BORA - hansgrohe Daniel Felipe Martínez
73%
1.UWT 🇧🇪 Ronde van Brugge 1 Unibet Rose Rockets Dylan Groenewegen
73%
3 UAE Team Emirates - XRG Florian Vermeersch
73%
3 UAE Team Emirates - XRG Florian Vermeersch
73%
2 Bahrain - Victorious Lenny Martinez
73%
2 Team Visma | Lease a Bike Matthew Brennan
73%
2 Team Jayco AlUla Mauro Schmid
73%
2 Team Jayco AlUla Mauro Schmid
73%
3 Uno-X Mobility Tobias Halland Johannessen
73%
2 Bahrain - Victorious Antonio Tiberi
64%
3 UAE Team Emirates - XRG Benoît Cosnefroy
64%
3 Soudal Quick-Step Jasper Stuyven
64%
2 Lidl - Trek Mattias Skjelmose
64%
3 Uno-X Mobility Søren Wærenskjold
64%
1.UWT 🇩🇪 Eschborn-Frankfurt 1 Lotto Intermarché Georg Zimmermann
55%
3 XDS Astana Team Max Kanter
55%
2 Red Bull - BORA - hansgrohe Florian Lipowitz
36%
3 EF Education - EasyPost Georg Steinhauser
36%
3 EF Education - EasyPost Harry Sweeny
36%
3 Bahrain - Victorious Lenny Martinez
36%
2 Team Visma | Lease a Bike Per Strand Hagenes
36%
2 Red Bull - BORA - hansgrohe Tim van Dijke
36%
3 Team Visma | Lease a Bike Ben Tulett
27%
3 Team Visma | Lease a Bike Ben Tulett
27%
3 Team Jayco AlUla Luke Plapp
27%
3 NSN Cycling Team Brady Gilmore
18%
No matching quizzes found
Score Distribution
Percent of People with Each Score
Percentile by Number Answered
Your Score History
You have not taken this quiz since the last reset